000 01236nam a2200337 i 4500
001 106698
003 ES-MaACL
005 20250819172223.0
007 t|
008 061218s1971 sp ||||1| spa d
080 _a75 Equipo G-4 (083.82)
080 _a730 Equipo G-4 (083.82)
110 2 _aEquipo G-4.
_93491
245 1 0 _aEquipo G-4
_b: [exposición, Ateneo de Madrid, Sala Joven - Prado 21, noviembre 1971] /
_c[texto: Gastón Baquero].
260 _aMadrid :
_bPublicaciones Españolas,
_c1971.
300 _a[8] p. :
_bil. ;
_c20 cm.
490 1 _aSerie V, Sala Joven ;
_v3
600 1 4 _aSanz, Domingo-
_vExposiciones.
_9103574
600 1 4 _aPadilla, Rafael-
_vExposiciones.
_988179
610 2 7 _aAteneo de Madrid-
_vExposiciones-
_y1970-1979.
_91921
610 2 7 _aEquipo G-4-
_vExposiciones.
_93492
655 7 _2tgfbne
_9193628
_aCatálogos de exposiciones
700 1 _aBaquero, Gastón,
_d1918-1997
_925260
700 1 _aSanz, Domingo.
_9103573
700 1 _aPadilla, Rafael.
_988178
710 2 _aAteneo de Madrid.
_bSala Joven (Prado, 21)
_91966
830 0 _aSerie V, Sala Joven ;
_v3
_9185283
852 _aES-MaACL
_j2211-F-14
_9110751
_bR.138353
_cDEPOF
942 _2udc
_cFOLLETOS
999 _c106698
_d106698